000 003060000a22001450004500
003 MACL
040 _aMACL
090 _c32114
_d32112
100 _aJamnadas, C
245 _aAdministrative Law
260 _bC. Jamnadas & Co.
350 _a85
650 _aAdministrative Law
942 _cBOOK
_k342.06/Jam
999 _c31789
_d31789